Seguridad urbana, urbanismo y entornos urbanos

Bibliographic Details
Format: eBook
Language:Spanish
Published: Madrid : Dykinson, 2011
Subjects:
Online Access:Acceso restringido

MARC

LEADER 00000nam a22000007a 4500
005 20120731162730.0
007 cr|||| ||||
008 120731s2011 sp |||||s|||| 00| 0 spa d
020 |a 978-84-15454-98-4 
035 |a 6338 
040 |a vLex 
090 |c 3331  |d 3331 
245 0 0 |a Seguridad urbana, urbanismo y entornos urbanos  |h [Recurso electrn̤ico] 
256 |a Servicio en ln̕ea 
260 |a Madrid :  |b Dykinson,  |c 2011 
300 |a 1 recurso electrn̤ico 
506 1 |a Contenido solo disponible en los productos indicados  |d vLex Global   |d vLex Global (Academic Edition, excluding Law Schools)   |d vLex Global (U.S. Academic Edition, Law Schools)   |d vLex Global (U.S. Academic Edition, excluding Law Schools)   |d vLex Global (Academic Edition, Law Schools)  
650 0 4 |a Seguridad ciudadana 
740 0 |a vLex Libros (Servicio en ln̕ea) 
856 4 0 |u http://vlex.com/source/seguridad-urbana-urbanismo-entornos-urbanos-6338  |z Acceso restringido 
942 |c BOOK 
999 0 |a safety